[Event "DEN-ch"]
[Site "Aalborg"]
[Date "1979.??.??"]
[Round "8"]
[White "Pedersen, Erik"]
[Black "Ost Hansen, Jacob"]
[Result "0-1"]
[WhiteElo "2330"]
[BlackElo "2380"]
[PlyCount "60"]
[EventDate "1979.??.??"]
[EventType "tourn"]
[EventRounds "11"]
[EventCountry "DEN"]
[EventCategory "4"]
[Source "ChessBase"]
[SourceDate "1999.07.01"]

1. e4 c5 2. Nf3 e6 3. c3 d5 4. e5 Nc6 5. d4 Qb6 6. Bd3 cxd4 7. cxd4 Bd7 8. O-O
Nxd4 9. Nxd4 Qxd4 10. Nc3 a6 11. Qe2 Be7 12. Kh1 Bc6 13. f4 Qa7 14. f5 O-O-O
15. Bf4 g6 16. fxg6 hxg6 17. Bg5 Bd7 18. Bxe7 Nxe7 19. Rxf7 Nf5 20. Bxf5 gxf5
21. Nxd5 exd5 22. e6 Bb5 23. Rc1+ Kb8 24. Qe5+ Ka8 25. e7 Rde8 26. Rxf5 Qb8 27.
Rc7 Rh7 28. h3 Bc6 29. Rf8 Rhxe7 30. Qd4 Rxf8 0-1

[Event "DEN-ch"]
[Site "Aalborg"]
[Date "1979.??.??"]
[Round "6"]
[White "Pedersen, Erik"]
[Black "Sorensen, Bent"]
[Result "1-0"]
[WhiteElo "2330"]
[BlackElo "2305"]
[PlyCount "79"]
[EventDate "1979.??.??"]
[EventType "tourn"]
[EventRounds "11"]
[EventCountry "DEN"]
[EventCategory "4"]
[Source "ChessBase"]
[SourceDate "1999.07.01"]

1. Nf3 Nf6 2. g3 b6 3. Bg2 Bb7 4. O-O e6 5. c4 Be7 6. b3 c5 7. Bb2 O-O 8. e3 d5
9. Ne5 Nc6 10. d4 cxd4 11. exd4 Rc8 12. Nc3 dxc4 13. bxc4 Qc7 14. Nxc6 Bxc6 15.
d5 Rfd8 16. Rc1 Bd7 17. Re1 Qd6 18. Ne4 Nxe4 19. Bxe4 exd5 20. cxd5 Bf6 21.
Bxf6 Qxf6 22. Qd2 Qd6 23. Qd4 h6 24. Bd3 g6 25. Be4 h5 26. Bg2 Re8 27. Rxe8+
Rxe8 28. h3 Kh7 29. Rc3 Kg8 30. Rf3 Bf5 31. Re3 Rxe3 32. Qxe3 Kf8 33. Qd4 Bd7
34. Kh2 Ke7 35. Qh4+ Qf6 36. d6+ Ke6 37. Bd5+ Ke5 38. f4+ Kf5 39. g4+ hxg4 40.
Qxg4# 1-0

[Event "DEN-ch"]
[Site "Aalborg"]
[Date "1979.??.??"]
[Round "2"]
[White "Pedersen, Erik"]
[Black "Fries Nielsen, Niels Jorgen"]
[Result "1/2-1/2"]
[WhiteElo "2330"]
[BlackElo "2300"]
[PlyCount "128"]
[EventDate "1979.??.??"]
[EventType "tourn"]
[EventRounds "11"]
[EventCountry "DEN"]
[EventCategory "4"]
[Source "ChessBase"]
[SourceDate "1999.07.01"]

1. Nf3 Nf6 2. g3 b6 3. Bg2 Bb7 4. O-O e6 5. b3 Be7 6. Bb2 O-O 7. c4 c5 8. e3 d5
9. d4 Nc6 10. Ne5 Rc8 11. Nc3 cxd4 12. exd4 Na5 13. Re1 a6 14. Rc1 dxc4 15.
Bxb7 Nxb7 16. bxc4 Na5 17. Qe2 Qc7 18. Nd1 Bb4 19. Rf1 Nd7 20. Nxd7 Qxd7 21.
Ne3 Be7 22. d5 exd5 23. cxd5 b5 24. Qd3 f6 25. Qf5 Qxf5 26. Nxf5 Bb4 27. a3 Bc5
28. d6 Nc4 29. Ne7+ Kf7 30. Nxc8 Rxc8 31. a4 Bxd6 32. axb5 axb5 33. Rc2 Be7 34.
Ra1 Rc7 35. Bd4 Rd7 36. Be3 Rd3 37. Ra7 Nxe3 38. fxe3 Rxe3 39. Rb2 Re5 40. Rb7
Kg6 41. R2xb5 Rxb5 42. Rxb5 Bd6 43. Kg2 Be5 44. Rb7 Bd4 45. Kf3 Bg1 46. h3 Bd4
47. Ke4 Be5 48. g4 h6 49. Ra7 Bc3 50. Rc7 Be5 51. Rb7 Bc3 52. Rb5 Ba1 53. h4
Bc3 54. h5+ Kh7 55. Rf5 Bb2 56. Kd5 Bc3 57. Ke6 Bd4 58. Kf7 Bc3 59. Kf8 Bb4+
60. Kf7 Bc3 61. Rc5 Bd4 62. Rd5 Bc3 63. Ke6 Bb2 64. Rd8 Bc3 1/2-1/2

[Event "DEN-ch"]
[Site "Aalborg"]
[Date "1979.??.??"]
[Round "10"]
[White "Rodgaard, John"]
[Black "Sorensen, Bent"]
[Result "1/2-1/2"]
[WhiteElo "2320"]
[BlackElo "2305"]
[PlyCount "76"]
[EventDate "1979.??.??"]
[EventType "tourn"]
[EventRounds "11"]
[EventCountry "DEN"]
[EventCategory "4"]
[Source "ChessBase"]
[SourceDate "1999.07.01"]

1. e4 e6 2. d4 d5 3. Nd2 c5 4. exd5 exd5 5. Bb5+ Nc6 6. Ngf3 Bd6 7. dxc5 Bxc5
8. O-O Nge7 9. Nb3 Bd6 10. Bxc6+ bxc6 11. Qd4 O-O 12. Bf4 Nf5 13. Qd2 Bxf4 14.
Qxf4 Qb6 15. Rfe1 a5 16. Nfd4 Nxd4 17. Qxd4 Qxd4 18. Nxd4 c5 19. Nc6 Be6 20. f4
g6 21. Ne7+ Kg7 22. Re5 Rfd8 23. Rd1 Ra6 24. c4 f6 25. Rexd5 Bxd5 26. Nxd5 Re6
27. Kf2 Re4 28. Rc1 g5 29. Kf3 Rd4 30. Rc3 Re8 31. Rb3 Kg6 32. g4 gxf4 33. Rb7
Re1 34. Ne7+ Rxe7 35. Rxe7 Rxc4 36. Ra7 Rc2 37. h4 h5 38. Rxa5 hxg4+ 1/2-1/2

[Event "DEN-ch"]
[Site "Aalborg"]
[Date "1979.??.??"]
[Round "3"]
[White "Rodgaard, John"]
[Black "Kristiansen, Jens"]
[Result "1/2-1/2"]
[WhiteElo "2320"]
[BlackElo "2365"]
[PlyCount "31"]
[EventDate "1979.??.??"]
[EventType "tourn"]
[EventRounds "11"]
[EventCountry "DEN"]
[EventCategory "4"]
[Source "ChessBase"]
[SourceDate "1999.07.01"]

1. Nf3 e6 2. d4 Nf6 3. e3 c5 4. Be2 Nc6 5. O-O d5 6. b3 cxd4 7. exd4 Be7 8. Bb2
O-O 9. Nbd2 b6 10. Ne5 Bb7 11. Ndf3 Qc7 12. Rc1 Rac8 13. c3 a6 14. Bd3 b5 15.
Qe2 Nxe5 16. Nxe5 1/2-1/2

[Event "DEN-ch"]
[Site "Aalborg"]
[Date "1979.??.??"]
[Round "5"]
[White "Rodgaard, John"]
[Black "Pedersen, Erik"]
[Result "1/2-1/2"]
[WhiteElo "2320"]
[BlackElo "2330"]
[PlyCount "47"]
[EventDate "1979.??.??"]
[EventType "tourn"]
[EventRounds "11"]
[EventCountry "DEN"]
[EventCategory "4"]
[Source "ChessBase"]
[SourceDate "1999.07.01"]

1. d4 Nf6 2. Nf3 c5 3. e3 e6 4. Be2 b6 5. O-O Bb7 6. b3 Be7 7. Bb2 O-O 8. c4 d5
9. Nc3 cxd4 10. Nxd4 dxc4 11. Bxc4 a6 12. Be2 Nc6 13. Bf3 Rc8 14. Rc1 Ba8 15.
Nxc6 Bxc6 16. Bxc6 Rxc6 17. Nd5 Rxc1 18. Nxe7+ Qxe7 19. Qxc1 Rd8 20. Rd1 h6 21.
h3 b5 22. Rxd8+ Qxd8 23. Bxf6 gxf6 24. Qc3 1/2-1/2

[Event "DEN-ch"]
[Site "Aalborg"]
[Date "1979.??.??"]
[Round "7"]
[White "Rodgaard, John"]
[Black "Mortensen, Erling"]
[Result "0-1"]
[WhiteElo "2320"]
[BlackElo "2365"]
[PlyCount "74"]
[EventDate "1979.??.??"]
[EventType "tourn"]
[EventRounds "11"]
[EventCountry "DEN"]
[EventCategory "4"]
[Source "ChessBase"]
[SourceDate "1999.07.01"]

1. d4 Nf6 2. Nf3 c5 3. e3 d5 4. c3 Qc7 5. Nbd2 g6 6. Bd3 Bg7 7. O-O Nbd7 8. Qe2
O-O 9. b3 e5 10. Nxe5 Nxe5 11. dxe5 Qxe5 12. Bb2 Re8 13. Rfd1 b6 14. Rab1 Qc7
15. h3 Bb7 16. Ba6 Rad8 17. Bxb7 Qxb7 18. Nf1 Ne4 19. Qc2 c4 20. Nd2 b5 21. a4
a6 22. axb5 axb5 23. bxc4 bxc4 24. Ba3 Qc6 25. Bb4 h5 26. Ra1 Qe6 27. Ra5 Bh6
28. Nxe4 dxe4 29. Rxd8 Rxd8 30. Qa4 Kh7 31. Ra8 Rd7 32. Qb5 Rd1+ 33. Kh2 Bg7
34. g3 Qf6 35. f4 exf3 36. Qe8 f2 37. Qg8+ Kh6 0-1

[Event "DEN-ch"]
[Site "Aalborg"]
[Date "1979.??.??"]
[Round "9"]
[White "Rodgaard, John"]
[Black "Larsen, Ernst"]
[Result "1/2-1/2"]
[WhiteElo "2320"]
[BlackElo "2200"]
[PlyCount "27"]
[EventDate "1979.??.??"]
[EventType "tourn"]
[EventRounds "11"]
[EventCountry "DEN"]
[EventCategory "4"]
[Source "ChessBase"]
[SourceDate "1999.07.01"]

1. Nf3 d5 2. d4 c5 3. e3 cxd4 4. exd4 Nf6 5. c3 Nc6 6. Bf4 Bg4 7. Nbd2 e6 8.
Be2 Be7 9. O-O O-O 10. Re1 a6 11. h3 Bh5 12. Ne5 Bxe2 13. Qxe2 Nxe5 14. Bxe5
1/2-1/2

[Event "DEN-ch"]
[Site "Aalborg"]
[Date "1979.??.??"]
[Round "1"]
[White "Rodgaard, John"]
[Black "Ost Hansen, Jacob"]
[Result "1/2-1/2"]
[WhiteElo "2320"]
[BlackElo "2380"]
[PlyCount "80"]
[EventDate "1979.??.??"]
[EventType "tourn"]
[EventRounds "11"]
[EventCountry "DEN"]
[EventCategory "4"]
[Source "ChessBase"]
[SourceDate "1999.07.01"]

1. d4 Nf6 2. Nf3 g6 3. Bf4 Bg7 4. e3 O-O 5. Be2 d6 6. h3 c5 7. O-O b6 8. c4 Bb7
9. Nc3 cxd4 10. exd4 d5 11. Ne5 Nc6 12. Bf3 e6 13. cxd5 Nxd5 14. Nxd5 exd5 15.
Nxc6 Bxc6 16. Qd2 Rc8 17. Bh6 Bxh6 18. Qxh6 Qf6 19. Qd2 Bd7 20. Bxd5 Rcd8 21.
Bc4 Bc6 22. Rad1 Bxg2 23. Kxg2 Qc6+ 24. d5 Qxc4 25. b3 Qc5 26. Rfe1 Rd6 27. Re4
Rfd8 28. Rd4 Qb5 29. Qg5 Qd7 30. R1d3 Qb7 31. Kg1 Qa6 32. a4 Qc8 33. Kg2 Qd7
34. Qg4 Qe7 35. Qf4 Rf6 36. Qe4 Qd6 37. Rf3 Rxf3 38. Qxf3 Kg7 39. Rd3 Qf6 40.
Qg3 Qd6 1/2-1/2

[Event "DEN-ch"]
[Site "Aalborg"]
[Date "1979.??.??"]
[Round "11"]
[White "Sorensen, Bent"]
[Black "Larsen, Ernst"]
[Result "1/2-1/2"]
[WhiteElo "2305"]
[BlackElo "2200"]
[PlyCount "116"]
[EventDate "1979.??.??"]
[EventType "tourn"]
[EventRounds "11"]
[EventCountry "DEN"]
[EventCategory "4"]
[Source "ChessBase"]
[SourceDate "1999.07.01"]

1. c4 e6 2. Nf3 d5 3. b3 Nf6 4. g3 Be7 5. Bg2 O-O 6. O-O c5 7. Bb2 Nc6 8. e3 b6
9. Qe2 Bb7 10. d3 dxc4 11. bxc4 Qc7 12. Nc3 Rad8 13. Rfd1 a6 14. Rac1 Rd7 15.
Rd2 Rfd8 16. Qd1 Na5 17. Ne2 Nc6 18. Nc3 Nb4 19. d4 Ne4 20. Nxe4 Bxe4 21. Bc3
cxd4 22. exd4 Nc6 23. Qa4 a5 24. Rcd1 g6 25. Qb5 Bf6 26. Ne5 Bxe5 27. dxe5 Rxd2
28. Rxd2 Rxd2 29. Bxd2 Bxg2 30. Kxg2 Nxe5 31. Bf4 Qb7+ 32. Kh3 Nd7 33. Be3 Qc7
34. Qg5 f6 35. Qg4 Qe5 36. Qd4 Qc7 37. Qb2 Qd6 38. Bd4 e5 39. Be3 Nc5 40. Qd2
Qd7+ 41. Qxd7 Nxd7 42. g4 Kf7 43. Kg3 Ke6 44. f3 Kd6 45. f4 exf4+ 46. Kxf4 Nc5
47. h4 a4 48. Bd2 Nd7 49. Be3 Kc6 50. Ke4 Ne5 51. g5 Nxc4 52. gxf6 Kd6 53. Bg5
Ke6 54. Bc1 Nd6+ 55. Kd4 Kxf6 56. Kd5 Nf5 57. Bg5+ Kf7 58. Kc6 h6 1/2-1/2

[Event "DEN-ch"]
[Site "Aalborg"]
[Date "1979.??.??"]
[Round "5"]
[White "Sorensen, Bent"]
[Black "Hoi, Carsten"]
[Result "0-1"]
[WhiteElo "2305"]
[BlackElo "2355"]
[PlyCount "89"]
[EventDate "1979.??.??"]
[EventType "tourn"]
[EventRounds "11"]
[EventCountry "DEN"]
[EventCategory "4"]
[Source "ChessBase"]
[SourceDate "1999.07.01"]

1. c4 Nf6 2. g3 g6 3. Bg2 Bg7 4. Nc3 O-O 5. e3 d6 6. Nge2 c6 7. O-O e5 8. b3
Re8 9. Ba3 Qc7 10. d4 e4 11. b4 Bf5 12. b5 Nbd7 13. Qb3 c5 14. Rac1 Nb6 15.
dxc5 dxc5 16. Nf4 g5 17. Nfd5 Nbxd5 18. Nxd5 Nxd5 19. cxd5 b6 20. Rfd1 Qd6 21.
Rd2 Rad8 22. h3 Bg6 23. Bf1 f5 24. Bb2 Rd7 25. Bxg7 Rxg7 26. Kh2 h5 27. Bc4 Kh7
28. Rg1 Reg8 29. Kh1 f4 30. exf4 gxf4 31. gxf4 Bf5 32. Rdd1 Qxf4 33. Qe3 Rxg1+
34. Rxg1 Rxg1+ 35. Kxg1 Qxe3 36. fxe3 Bxh3 37. Kh2 Bf5 38. Kg3 Kg6 39. Kf4 Kf6
40. d6 h4 41. Bf1 h3 42. d7 Bxd7 43. Kxe4 h2 44. Bg2 Bxb5 45. Kd5 0-1

[Event "DEN-ch"]
[Site "Aalborg"]
[Date "1979.??.??"]
[Round "7"]
[White "Sorensen, Bent"]
[Black "Fries Nielsen, Niels Jorgen"]
[Result "1/2-1/2"]
[WhiteElo "2305"]
[BlackElo "2300"]
[PlyCount "43"]
[EventDate "1979.??.??"]
[EventType "tourn"]
[EventRounds "11"]
[EventCountry "DEN"]
[EventCategory "4"]
[Source "ChessBase"]
[SourceDate "1999.07.01"]

1. g3 Nf6 2. Bg2 e5 3. c4 c6 4. Nf3 e4 5. Nd4 d5 6. Nc3 Ng4 7. O-O dxc4 8. e3
f5 9. b3 c5 10. Nde2 Ne5 11. Nf4 Nbc6 12. bxc4 Be7 13. d3 Nxd3 14. Qh5+ Kf8 15.
Rd1 Qe8 16. Qxe8+ Kxe8 17. Nxd3 exd3 18. Nd5 Kf7 19. Bb2 Be6 20. Rxd3 Rhd8 21.
e4 Bf6 22. Bxf6 1/2-1/2

[Event "DEN-ch"]
[Site "Aalborg"]
[Date "1979.??.??"]
[Round "3"]
[White "Sorensen, Bent"]
[Black "Hvenekilde, Jorgen"]
[Result "0-1"]
[WhiteElo "2305"]
[BlackElo "2285"]
[PlyCount "82"]
[EventDate "1979.??.??"]
[EventType "tourn"]
[EventRounds "11"]
[EventCountry "DEN"]
[EventCategory "4"]
[Source "ChessBase"]
[SourceDate "1999.07.01"]

1. c4 Nf6 2. g3 e6 3. Nf3 d5 4. b3 b6 5. Bg2 Bb7 6. O-O Nbd7 7. Bb2 Be7 8. cxd5
exd5 9. d4 O-O 10. Nc3 Re8 11. Rc1 c6 12. Ne5 Nxe5 13. dxe5 Nd7 14. e4 d4 15.
Qxd4 Bc5 16. Qa4 Nxe5 17. Rfd1 Qf6 18. b4 b5 19. Qb3 Bb6 20. Ne2 Rad8 21. Bd4
Bc8 22. f4 Nc4 23. e5 Qg6 24. Bxb6 Rxd1+ 25. Rxd1 axb6 26. Nd4 Bg4 27. Re1 Bd7
28. Qf3 Ra8 29. f5 Qg5 30. e6 fxe6 31. fxe6 Be8 32. Nxc6 Rxa2 33. e7 Qf6 34.
Qd5+ Kh8 35. Rf1 Ra1 36. Qf3 Qxf3 37. Bxf3 Rxf1+ 38. Kxf1 Nd2+ 39. Kf2 Nxf3 40.
Kxf3 Bxc6+ 41. Kf4 Kg8 0-1

[Event "DEN-ch"]
[Site "Aalborg"]
[Date "1979.??.??"]
[Round "9"]
[White "Sorensen, Bent"]
[Black "Jakobsen, Ole"]
[Result "0-1"]
[WhiteElo "2305"]
[BlackElo "2415"]
[PlyCount "90"]
[EventDate "1979.??.??"]
[EventType "tourn"]
[EventRounds "11"]
[EventCountry "DEN"]
[EventCategory "4"]
[Source "ChessBase"]
[SourceDate "1999.07.01"]

1. c4 Nf6 2. g3 e5 3. Nc3 Bb4 4. Nf3 e4 5. Nd4 Nc6 6. Nc2 Bxc3 7. dxc3 Ne5 8.
b3 O-O 9. Bg2 Re8 10. O-O h6 11. h3 d6 12. Ne3 a5 13. Nd5 Nxd5 14. Qxd5 Nd7 15.
Be3 Re5 16. Qd2 Qe8 17. Rad1 b6 18. Rfe1 Bb7 19. f4 exf3 20. exf3 Re6 21. Bd4
Qe7 22. Rxe6 fxe6 23. f4 Bxg2 24. Qxg2 Re8 25. Qc6 e5 26. fxe5 dxe5 27. Be3 Nf6
28. c5 bxc5 29. Bxc5 Qf7 30. Qf3 Qg6 31. Re1 e4 32. Qg2 Nd7 33. Bd4 c5 34. Be3
Ne5 35. Rd1 Rf8 36. Rf1 Nf3+ 37. Kh1 c4 38. bxc4 Qc6 39. Qe2 Kh8 40. Qg2 Qxc4
41. Rc1 Qd3 42. Bf4 g5 43. Bc7 e3 44. Qc2 Qxc2 45. Rxc2 Ne1 0-1